ARCHITECTS OF THE BUSINESS REVOLUTION TH (Record no. 8169)

MARC details
000 -LEADER
fixed length control field 00347nam a2200133Ia 4500
008 - FIXED-LENGTH DATA ELEMENTS--GENERAL INFORMATION
fixed length control field 240624s9999 xx 000 0 und d
041 ## - LANGUAGE CODE
Language code of text/sound track or separate title eng
082 ## - DEWEY DECIMAL CLASSIFICATION NUMBER
Classification number 658.84 DEA
100 ## - MAIN ENTRY--PERSONAL NAME
Personal name DEARLOVE DES
245 ## - TITLE STATEMENT
Title ARCHITECTS OF THE BUSINESS REVOLUTION TH
260 ## - PUBLICATION, DISTRIBUTION, ETC.
Date of publication, distribution, etc. 2001
Place of publication, distribution, etc. Oxford
Name of publisher, distributor, etc. Capstone
300 ## - PHYSICAL DESCRIPTION
Extent xxiii, : 232 : p. : cm. ; 23
365 ## - TRADE PRICE
Currency code BPS
Price amount 35
Holdings
Withdrawn status Lost status Damaged status Not for loan Home library Current library Shelving location Date acquired Source of acquisition Cost, normal purchase price Full call number Barcode Date last seen Copy number Price effective from Koha item type
        IMTN IMTN Rack 36-B 01/23/2008 BU 15.00 658.84 DEA 8169 06/24/2024 77.33 06/24/2024 Books
Designed & Maintained by: LRC IMT Nagpur Contact: lrc@imtnag.ac.in© 2024. All Rights Reserved.